| 000 | 00448nam a2200145Ia 4500 | ||
|---|---|---|---|
| 008 | 210210b1986 xxu||||| |||| 00| 0 eng d | ||
| 020 | _a0 7069 3026 6 | ||
| 082 | _a320.56 REDA | ||
| 100 | _aREDDY (E S). | ||
| 245 | _aApartheid: the united nations and the international community; a collection of speeches and papers. | ||
| 260 |
_aND _bVikas Publishing House Pvt Ltd. _c1986 |
||
| 300 | _ax,157 | ||
| 690 | _aPolitical Thought | ||
| 906 | _a037726 | ||
| 999 |
_c87854 _d87854 |
||